00496nam a22001697a 450000500170000002000260001703700130004308200060005624500260006226000320008827000400012030000290016049000470018950000530023694200200028999900170030920120125145031.0 a9781603465373c120.00 adplbPub aS aWhat is your name ? / aThailandbMacaw Booksc2009 a(c) plan sara Co., Ltd., bThailand a23p.bcol.illc24cm(pbk) afor EQ Development playing together940155 aMy best friends : Learn to live happily together 2ddccCHhSmWHA c61493d61493